Southville International School and Colleges
Your cart is empty.
  • Cart
  • Lists
    Public lists Eva Luna New books Lux_list list_1
    Your lists Log in to create your own lists
  • Log in to your account
  • Your cookies
  • Search history
Southville International School and Colleges
  • Advanced search
  • Recent comments
  • Most popular
  • Libraries

Log in to your account

Log in with GOOGLE


If you do not have an external account, but do have a local account, you can still log in:

  1. Home
  2. MARC view: Korean drama line 2 = 한국 희곡선. 2 /
Normal view MARC view ISBD view

Korean drama line 2 = 한국 희곡선. 2 / (Record no. 356401)

[ view plain ]
MARC details
000 -LEADER
fixed length control field 01007nam a22002537a 4500
003 - CONTROL NUMBER IDENTIFIER
control field SISC
005 - DATE AND TIME OF LATEST TRANSACTION
control field 20180510150605.0
008 - FIXED-LENGTH DATA ELEMENTS--GENERAL INFORMATION
fixed length control field 180510b xxu||||| |||| 00| 0 eng d
020 ## - INTERNATIONAL STANDARD BOOK NUMBER
International Standard Book Number 9788937463181
020 ## - INTERNATIONAL STANDARD BOOK NUMBER
International Standard Book Number 9788937460005
050 ## - LIBRARY OF CONGRESS CALL NUMBER
Classification number PL 992.62
Item number .H87 2014
100 ## - MAIN ENTRY--PERSONAL NAME
Personal name Hur, Kyu
245 ## - TITLE STATEMENT
Title Korean drama line 2 = 한국 희곡선. 2 /
Statement of responsibility, etc Hur Kyu ... [et al.]
260 ## - PUBLICATION, DISTRIBUTION, ETC. (IMPRINT)
Place of publication, distribution, etc Seoul:
Name of publisher, distributor, etc Minumsa,
Date of publication, distribution, etc 2014.
300 ## - PHYSICAL DESCRIPTION
Extent 640 pages;
Dimensions 23 cm.
440 ## - SERIES STATEMENT/ADDED ENTRY--TITLE
Title The world literature collection;
Volume number/sequential designation v. 317-318
505 ## - FORMATTED CONTENTS NOTE
Formatted contents note Contents: The - Not available / Lee Hyunhwa. -- Bike / Oh Tae Seok. -- Sylvian name / Jung Jong Geun. -- OGU. -- The form of death / Lee Yun - Taek. -- Searching for love. -- It was a little darkness in the hole of the wood. -- Yongwol Daily Diary / Yonggakbag
650 ## - SUBJECT ADDED ENTRY--TOPICAL TERM
Source of heading or term Library of Congress Subject Headings
Topical term or geographic name as entry element Korean drama
Chronological subdivision 20th century
700 ## - ADDED ENTRY--PERSONAL NAME
Personal name Lee, Yun-Taek
700 ## - ADDED ENTRY--PERSONAL NAME
Personal name Kim, Gwang-Rim
700 ## - ADDED ENTRY--PERSONAL NAME
Personal name Lee, Man-Hee
942 ## - ADDED ENTRY ELEMENTS (KOHA)
Source of classification or shelving scheme Library of Congress Classification
Koha item type Books
Holdings
Withdrawn status Lost status Source of classification or shelving scheme Damaged status Home library Current library Shelving location Date acquired Source of acquisition Sub Shelving location Total Checkouts Full call number Barcode Date last seen Copy number Price effective from Koha item type Date checked out
    Library of Congress Classification   Luxembourg Library Luxembourg Library International Baccalaureate Section 05/10/2018 Library Fund     PL 992.62 .H87 2014 IB0271 05/10/2018 1 05/10/2018 Books  
    Library of Congress Classification   Luxembourg Library Luxembourg Library International Baccalaureate Section 05/10/2018 Library Fund     PL 992.62 .H87 2014 IB0272 05/10/2018 2 05/10/2018 Books  
    Library of Congress Classification   Luxembourg Library Luxembourg Library International Baccalaureate Section 05/10/2018 Library Fund   1 PL 992.62 .H87 2014 IB0273 04/29/2024 3 05/10/2018 Books 04/29/2024

Korean drama line 2 = 한국 희곡선. 2 /

APA

Hur K., Lee Y., Kim G. & Lee M. (2014). Korean drama line 2 = 한국 희곡선. 2. Seoul: Minumsa.

Chicago

Hur Kyu, Lee Yun-Taek, Kim Gwang-Rim and Lee Man-Hee. 2014. Korean drama line 2 = 한국 희곡선. 2. Seoul: Minumsa.

Harvard

Hur K., Lee Y., Kim G. and Lee M. (2014). Korean drama line 2 = 한국 희곡선. 2. Seoul: Minumsa.

MLA

Hur Kyu, Lee Yun-Taek, Kim Gwang-Rim and Lee Man-Hee. Korean drama line 2 = 한국 희곡선. 2. Seoul: Minumsa. 2014.

  • Place hold
  • Print
  • Cite
  • Add to your cart (remove)
  • Save record
    BIBTEX Dublin Core MARCXML MARC (non-Unicode/MARC-8) MARC (Unicode/UTF-8) MARC (Unicode/UTF-8, Standard) MODS (XML) RIS
  • More searches
    Search for this title in:
    Other Libraries (WorldCat) Other Databases (Google Scholar) Online Stores (Bookfinder.com) Open Library (openlibrary.org)

Exporting to Dublin Core...

SOUTHVILLE LIBRARY

Southville International School and Colleges Library

1281 Tropical Ave. Cor. Luxembourg St., BF Homes International, Las Pinas City

Tel. No. 8256374 / 252358 Loc. 117/146

Powered by Koha